LEADER 01641oam 2200505 a 450 001 9910702206403321 005 20121109155435.0 035 $a(CKB)5470000002426089 035 $a(OCoLC)816704396 035 $a(EXLCZ)995470000002426089 100 $a20121109d1989 ua 0 101 0 $aeng 135 $aurbn||||||||| 181 $ctxt$2rdacontent 182 $cc$2rdamedia 183 $acr$2rdacarrier 200 10$aDriving forces$b[electronic resource] $eslab subduction and mantle convection /$fB.H. Hager 210 1$a[Washington, D.C.] :$c[National Aeronautics and Space Administration],$d[1989] 215 $a1 online resource (9 pages, 5 unnumbered pages) $cillustrations, maps 225 1 $a[NASA contractor report ;$vNASA CR-183404] 300 $aTitle from caption, title screen (viewed on Nov. 9, 2012). 300 $a"Appendix E." 320 $aIncludes bibliographical references (pages 7-9). 517 $aDriving forces 606 $aConvection$2nasat 606 $aEarth mantle$2nasat 606 $aLithosphere$2nasat 606 $aPlates (tectonics)$2nasat 606 $aSlabs$2nasat 606 $aSubduction (geology)$2nasat 615 7$aConvection. 615 7$aEarth mantle. 615 7$aLithosphere. 615 7$aPlates (tectonics) 615 7$aSlabs. 615 7$aSubduction (geology) 700 $aHager$b Bradford H$01386301 712 02$aUnited States.$bNational Aeronautics and Space Administration. 801 0$bGPO 801 1$bGPO 801 2$bGPO 906 $aBOOK 912 $a9910702206403321 996 $aDriving forces$93435162 997 $aUNINA LEADER 00790nam a2200193 i 4500 001 991004266836807536 005 20230310140057.0 008 011002s1977 it e 000 0 ita c 040 $aBibl. Dip.le Aggr. Scienze Economia - Sez. Settore Economico 082 0 $a658.1522 100 1 $aNanula, Gaetano$0110435 245 03$aLa rivalutazione monetaria dei cespiti patrimoniali delle imprese :$baspetti civili, fiscali, contabili ed economico-finanziari /$cGaetano Nanula. 260 $aMilano :$bGiuffrè,$c1977. 300 $aVII, [1], 477 p.$btab.$c25 cm 490 0 $aL'ordinamento tributario italiano 650 7$aImprese$xCapitale$xRivalutazione monetaria 912 $a991004266836807536 996 $aRivalutazione monetaria dei cespiti patrimoniali delle imprese$946249 997 $aUNISALENTO